000 01172cam a22003617a 4500
003 CHAP
005 20220817041725.0
008 971013s1976 r 00010 d
010 _a22661
011 _a23633
035 _a27729
040 _cCHAP
090 _aFolleto 7605
110 _aFAO. Comisión del Codex Alimentarius
_939482
245 0 _aCódigo internacional recomendado de prácticas de higiene para productos de huevo
260 _aRoma :
_bFAO,
_c1976
300 _a11 p.
410 _aFAO
490 0 _aPrograma conjunto FAO/OMS sobre normas alimentarias
500 _aSupl. 1 Sección 5. especificaciones del producto...
590 _aBATCH-UPD
_b10
_c20130110
_lUCH01
_h1355
590 _aBATCH-UPD
_b10
_c20130410
_lUCH01
_h0850
590 _aBATCH-UPD
_b10
_c20130914
_lUCH01
_h1342
590 _aCONVERSION
_b10
_c20130109
_lUCH01
_h1313
650 1 4 _aHuevos
_xInspección.
_956750
650 1 4 _aHuevos
_xNormas de calidad.
_956755
710 0 _aFAO.
810 0 _aFAO
830 0 _aPrograma conjunto FAO/OMS sobre normas alimentarias
_992254
901 _aBK
942 _cFOLL
949 _aFolleto 7605
_bBC
_cFAO
_d-64202
_eFAO1
_i27729
_mD
_si
999 _c22661
_d22661